| 000 | 00591nam a2200217Ia 4500 | ||
|---|---|---|---|
| 005 | 20231106111901.0 | ||
| 008 | 131103s9999 xx 000 0 und d | ||
| 020 |
_a713444231 _cGBP 7.50 |
||
| 040 | _aLoreto College | ||
| 041 | _aEnglish | ||
| 082 |
_a796.323 _bAMB |
||
| 100 | _aAmbler,Vic | ||
| 245 |
_aBasketball _cVic Ambler |
||
| 260 |
_aLondon _bBatsford Academic and Educational _c1984 |
||
| 300 |
_a64 p. _b illus. |
||
| 440 | _aCompetitive Sports Series | ||
| 504 | _aIncludes bibliographical references and index | ||
| 650 | _aBasketball | ||
| 850 | _aLCLIB | ||
| 942 | _cBK | ||
| 999 |
_c17675 _d68154 |
||